Catalog

Record Details

Catalog Search



Mezi námi předškoláky, pro děti od 5 do 7 let : všestranná příprava dítěte do školy, 3. díl  Cover Image Book Book

Mezi námi předškoláky, pro děti od 5 do 7 let : všestranná příprava dítěte do školy, 3. díl / Jiřina Bednářová ; ilustrace: Richard Šmarda

Record details

  • ISBN: 978-80-266-1863-8
  • Physical Description: 72 stran : ilustrace (převážně barevné) ; 30 cm
  • Edition: 5. vydání
  • Publisher: V Brně : Edika, 2023

Content descriptions

Target Audience Note:
Pro děti od 5 let
Subject: předškolní výchova
rozvoj myšlení
čtení
psaní
počítání
preschool education
development of thought
reading
writing
counting
Genre: příběhy
pracovní sešity
metodické příručky
publikace pro děti
stories
activity pages
methodological manuals
children's literature

Available copies

  • 1 of 1 copy available at Common Catalog SPOK.

Holds

  • 0 current holds with 1 total copy.
Show Only Available Copies
Location Call Number / Copy Notes Barcode Shelving Location Status Due Date
Jabok Library Ped-3.5.1/B 424480044892 Odborná literatura Available -

LDR 02537nam a2200685 i 4500
00152273
003CZ-PrJAB
00520230503144804.0
007ta
008230317s2023 xr a b f 000 m cze
015 . ‡acnb003507807
020 . ‡a978-80-266-1863-8 ‡q(brožováno) : ‡cKč 199,00
035 . ‡a(CZ PrNK)nkc20233507807
040 . ‡aBOA001 ‡bcze ‡dOLA001 ‡erda
072 7. ‡a373.2/.3 ‡xPředškolní a primární výchova a vzdělávání ‡2Konspekt ‡922
072 7. ‡a0/9-053.2 ‡xLiteratura pro děti a mládež (naučná) ‡2Konspekt ‡926
080 . ‡a373.2 ‡2MRF
080 . ‡a159.955 ‡2MRF
080 . ‡a37.016:028-028.31 ‡2MRF
080 . ‡a37.016:003-028.31 ‡2MRF
080 . ‡a37.016:511-028.31 ‡2MRF
080 . ‡a(0:82-32) ‡2MRF
080 . ‡a(076.1) ‡2MRF
080 . ‡a(072) ‡2MRF
080 . ‡a(0.053.2) ‡2MRF
1001 . ‡aBednářová, Jiřina, ‡d1963- ‡7mzk2004248919 ‡4aut
24510. ‡aMezi námi předškoláky, pro děti od 5 do 7 let : ‡bvšestranná příprava dítěte do školy, 3. díl / ‡cJiřina Bednářová ; ilustrace: Richard Šmarda
24630. ‡aVšestranná příprava dítěte do školy
250 . ‡a5. vydání
264 1. ‡aV Brně : ‡bEdika, ‡c2023
300 . ‡a72 stran : ‡bilustrace (převážně barevné) ; ‡c30 cm
336 . ‡atext ‡btxt ‡2rdacontent
336 . ‡astatický obraz ‡bsti ‡2rdacontent
337 . ‡abez média ‡bn ‡2rdamedia
338 . ‡asvazek ‡bnc ‡2rdacarrier
4901 . ‡aDětská naučná edice. Předškoláci
5218 . ‡aPro děti od 5 let
65007. ‡apředškolní výchova ‡7ph124887 ‡2czenas
65007. ‡arozvoj myšlení ‡7ph135316 ‡2czenas
65007. ‡ačtení ‡7ph128190 ‡2czenas
65007. ‡apsaní ‡7ph115938 ‡2czenas
65007. ‡apočítání ‡7ph124522 ‡2czenas
65009. ‡apreschool education ‡2eczenas
65009. ‡adevelopment of thought ‡2eczenas
65009. ‡areading ‡2eczenas
65009. ‡awriting ‡2eczenas
65009. ‡acounting ‡2eczenas
655 7. ‡apříběhy ‡7fd133204 ‡2czenas
655 7. ‡apracovní sešity ‡7fd133116 ‡2czenas
655 7. ‡ametodické příručky ‡7fd132826 ‡2czenas
655 7. ‡apublikace pro děti ‡7fd133156 ‡2czenas
655 9. ‡astories ‡2eczenas
655 9. ‡aactivity pages ‡2eczenas
655 9. ‡amethodological manuals ‡2eczenas
655 9. ‡achildren's literature ‡2eczenas
7001 . ‡aŠmarda, Richard, ‡d1950- ‡7xx0004703 ‡4ill
830 0. ‡aDětská naučná edice (Edika). ‡pPředškoláci
910 . ‡aABG312
995 . ‡aska
901 . ‡a52273 ‡bAUTOGEN ‡c52273 ‡tbiblio

Additional Resources